Vidas paralelas : (Registro nro. 8641)

Detalles MARC
000 -LIDER
fixed length control field 00958nam a22003017a 4500
001 - NÚMERO DE CONTROL
Identificador de número de control 26921
003 - IDENTIFICACDOR DE NÚMERO DE CONTROL
control field DO-SdBNP
005 - DATE AND TIME OF LATEST TRANSACTION
control field 20231011121244.0
007 - CAMPOS FIJOS DE DESCRIPCIÓN FÍSICA
fixed length control field 26921
008 - ELEMENTOS DE LONGITUD FIJA
fixed length control field 040316s 1999 sp spa
020 ## - ISBN
International Standard Book Number 8437617162
040 ## - FUENTE DE CATALOGACIÓN
Agencia que crea de manera original el registro BPMSU
Idioma de catalogación spa
Agencia que realiza la transcripción BPMSU
082 #4 - NÚMERO DE CLASIFICACIÓN DECIMAL DE DEWEY
Classification number 920.72
Item number P737v 1999
Edition number 22
100 1# - ASIENTO PRINCIPAL -- NOMBRE PERSONAL
Nombre personal Plutarco
Fechas asociadas con el nombre 46?-120?
245 10 - MENCIÓN DE TITULO
Título Vidas paralelas :
Subtítulo Alejandro-César, Pericles-Fabio Máximo, Alcibíades-Coriolano /
Mención de responsabilidad Plutarco ; edición de Emilio Crespo ; traducción de Emilio Crespo.
260 ## - PUBLICACIÓN, DISTRIBUCIÓN, ETC. (PIE DE IMPRENTA)
Lugar de publicación, distribución, etc Madrid :
Nombre del editor, distribuidor, etc. Ediciones Cátedra,
Fecha de publicación, distribución, etc 1999.
300 ## - DESCRIPCIÓN FÍSICA
Extensión 463 p. ;
Dimensiones 20 cm.
490 0# - MENCIÓN DE SERIES
Mención de serie Letras universales,
Volume/sequential designation 277
590 ## - NOTA LOCAL
Texto de la nota local Inventariado, 2023/VM
600 14 - ENCABEZAMIENTO DE MATERIA--NOMBRE PERSONAL
Nombre personal Alejandro Magno,
Fechas asociadas con el nombre 356-323 a.de J. C
600 14 - ENCABEZAMIENTO DE MATERIA--NOMBRE PERSONAL
Nombre personal Alcibiades,
Fechas asociadas con el nombre 450-404 a. de J.C
650 #4 - ENCABEZAMIENTO DE MATERIA--TEMÁTICO
Término temático o nombre geográfico como elemento de entrada Biografías clásicas
651 #4 - ENCABEZAMIENTO DE MATERIA--NOMBRE GEOGRÁFICO
Nombre geográfico Grecia
651 #4 - ENCABEZAMIENTO DE MATERIA--NOMBRE GEOGRÁFICO
Nombre geográfico Roma
700 1# - ASIENTO SECUNDARIO -- NOMBRE PERSONAL
Nombre personal Crespo Güemes, Emilio,
Mención de responsabilidad tr.
910 ## - VALIDACIÓN
Validación VMateo V. Control de calidad. BPMSU
942 ## - ADDED ENTRY ELEMENTS (KOHA)
Source of classification or shelving scheme Dewey Decimal Classification
Koha item type Libros
Existencias
Withdrawn status Lost status Source of classification or shelving scheme Damaged status Not for loan Collection code Home library Current library Date acquired Source of acquisition Total Checkouts Full call number Barcode Date last seen Price effective from Koha item type Copy number
    Dewey Decimal Classification     Colección General Biblioteca Pública Metropolitana Salomé Ureña Biblioteca Pública Metropolitana Salomé Ureña 11/11/2015 Fundación Educativa y Cultural   BPMSU CG 920.72 P737v 1999 BPMSU15110187 11/11/2015 11/11/2015 Libros  
    Dewey Decimal Classification     Colección General Biblioteca Pública Metropolitana Salomé Ureña Biblioteca Pública Metropolitana Salomé Ureña 11/11/2015 Fundación Educativa y Cultural   BPMSU CG 920.72 P737v 1999 BPMSU15110188 11/11/2015 11/11/2015 Libros e.2